000 00490nam a2200169Ia 4500
008 110201s9999 xx 000 0 und d
082 _bB7176
_aS 1066
100 _aकलंदर
245 _aआणखी कानोकानी
260 _bरोहन प्रकाशन
365 _b100
600 _aकलंदर
630 _aआणखी कानोकानी
700 _aकलंदर
730 _aआणखी कानोकानी
942 _cBOOK
999 _c832725
_d832722